• 首页
  • 本馆介绍
  • 公告通知
  • 最新文献
  • 馆藏检索
  • 电子资源
  • 读者导购
  • 参考咨询
  • 我的图书馆
  • 登录
  • 详细信息显示
  • 放入我的书架
  • 预约/预借图书
  • 作者相关作品
  • 分类相关作品
  • 丛书相关作品
  • 出版社相关作品

书目信息

  • 表格格式
  • 工作单格式
  • 卡片格式
题名:
聚合物基纳米改性材料
    
 
作者: 刘吉平 , 郝向阳 著
分册:  
出版信息: 北京   科学出版社  2009.08
页数: 11,551页
开本: 24cm
丛书名: 材料科学技术著作丛书
单 册:
中图分类: TB332
科图分类:
主题词: 高聚物--纳米材料--复合材料--改性 , 高聚物 , 纳米材料 , 复合材料
电子资源:
ISBN: 978-7-03-025119-0
000 01008oam2 2200313 450
001 010010030106
005 20130627095947.64
010    @a978-7-03-025119-0@dCNY98.00
100    @a20090912d2009 em y0chiy0110 ea
101 0  @achi
102    @aCN@b110000
105    @aak z 000yy
106    @ar
200 1  @a聚合物基纳米改性材料@9ju he wu ji na mi gai xing cai liao@f刘吉平,郝向阳著
210    @a北京@c科学出版社@d2009.08
215    @a11,551页@c图@d24cm
225 2  @a材料科学技术著作丛书
300    @a中国科学院科学出版基金资助出版
330    @a本书内容包括:绪论;聚合物基材料纳米改性机理;纳米改性聚烯烃;纳米改性聚酯;纳米改性聚酰胺;纳米改性聚醚醚酮等。
461  0 @12001 @a材料科学技术著作丛书
606 0  @a高聚物@x纳米材料@x复合材料@x改性
606 0  @a高聚物
606 0  @a纳米材料
606 0  @a复合材料
690    @aTB332@v4
701  0 @a刘吉平@9liu ji ping@4著
701  0 @a郝向阳@9hao xiang yang@4著
801  0 @aCN@bRENTIAN@c20090912
905    @b546351-54@dTB332@e230@f4
    
    聚合物基纳米改性材料/刘吉平,郝向阳著.-北京:科学出版社,2009.08
    11,551页:图;24cm.-(材料科学技术著作丛书)
    中国科学院科学出版基金资助出版
    
    ISBN 978-7-03-025119-0:CNY98.00
    本书内容包括:绪论;聚合物基材料纳米改性机理;纳米改性聚烯烃;纳米改性聚酯;纳米改性聚酰胺;纳米改性聚醚醚酮等。
●
相关链接 在E读中查询图书 在五车中查询图书 在当当中查询图书 在豆瓣中查询图书


正题名:聚合物基纳米改性材料     索取号:TB332/230         预约/预借

序号 登录号 条形码 馆藏地/架位号 状态 备注
1 546351   205463513   第二样本阅览室/ [索取号:TB332/230] 在馆    
2 546352   205463522   第三借阅区/ [索取号:TB332/230] 在馆    
3 546353   205463531   第三借阅区/ [索取号:TB332/230] 在馆    
4 546354   205463540   化学系资料室/ [索取号:TB332/230] 在馆    
唐山师范学院图书馆 欢迎您!
大连网信软件有限公司© 版权所有